Las ideologías indigenistas /
Salvato in:
| Autore principale: | |
|---|---|
| Natura: | testo |
| Soggetti: | |
| Tags: |
Aggiungi Tag
Nessun Tag, puoi essere il primo ad aggiungerne!!
|
MARC
| LEADER | 00000 a a2200000 04500 | ||
|---|---|---|---|
| 001 | 41717 | ||
| 003 | |||
| 040 | |||
| 100 | |a Montejo, Paulino | ||
| 245 | |a Las ideologías indigenistas / |c Paulino Montejo | ||
| 500 | |a Articulo parte de la Separata número 5 de ALAI, la cual se encuentra dentro del volumen 15, número 137, de ALAI: Servicio Mensual de Información y Documentación | ||
| 650 | |a POBLACION INDIGENA | ||
| 650 | |a IDEOLOGIAS POLITICAS | ||
| 650 | |a IDENTIDAD CULTURAL | ||
| 650 | |a ETNICIDAD | ||
| 650 | |a CAPITALISMO | ||
| 773 | |g volumen15, número137 (1991) | ||
| 999 | |c 34093 |d 34093 | ||
